000 00240nam a22001097a 4500
082 _a639.95 ALL'S
100 _aALLEE, W.C
_959516
245 _aTHE SOCIAL LIFE OF ANIMALS
260 _aBOSTON
_bBEACON
_c1951
300 _a233P
942 _cBK
999 _c569475
_d569475